Words that have AEIOU #7 - Statistics

General Stats
  • This quiz has been taken 31 times
  • The average score is 5 of 16
Answer Stats
Hint Starting
Letter
Answer % Correct
A series of queries for collecting statistics on personal information Q Questionnaire
64%
Huge coniferous trees native to California; redwood S Sequoia
64%
The careful pronunciation of words; articulation E Enunciation
57%
Resembling the form of jelly; viscous or blobby G Gelatinous
54%
In an unsafe position; unsteady or risky P Precarious
54%
The process of counting or tallying N Numeration
46%
Not capable of being escaped; inevitable U Unavoidable
43%
Capable of producing a desired or intended result; effective E Efficacious
18%
Reduction to small particles; atomization, annihilation P Pulverization
18%
The return of separated people or groups to a coherent whole R Reunification
18%
Disinterest in activities with others; reserved or solitary U Unsociable
14%
Too awful to be pardoned; inexcusable or indefensible U Unforgivable
11%
An adjournment of a court case to a later day; or, duration C Continuance
7%
Contentment or happiness; Aristotelian life of reason E Eudaemonia
4%
To become obsolete or out-of-date; or, to become retired S Superannuate
4%
Not tricky to solve or decide; unquestionable and uncontroversial U Unproblematic
4%
No matching quizzes found
Score Distribution
Percent of People with Each Score
Percentile by Number Answered
Your Score History
You have not taken this quiz